000 00456nam a22001817a 4500
003 CEME
005 20210628202809.0
008 210118b xxu||||| |||| 00| 0 eng d
020 _a81-8274-138-6
040 _c.
082 _a629.892 NAN
100 _aDiwan, Parag. Dr, Bharadwaj, Ashish
_961678
245 _aNanorobotics
260 _aNEW DELHI
_bPENTAGON PRESS
_c2006
300 _aXIV, 230 P
650 _aNANOROBOTICS.
_961679
942 _cBK
_2ddc
999 _c571051
_d571051